Geography: United States #2 - Statistics

General Stats
  • This quiz has been taken 30 times
  • The average score is 14 of 25
Answer Stats
Question Answer % Correct
Lake Pontchartrain is located near what major city?(Hint: this city is known for its Mardi Gras celebrations) New Orleans
100%
The Great Salt Lake is located in what U.S. state?(Hint: this state has a large population of Mormons) Utah
100%
What two states ORIGINALLY donated land to create Washington D.C.? Virginia
96%
What two states ORIGINALLY donated land to create Washington D.C.? Maryland
88%
What state is known as the Silver State?(Hint: part of the Hoover Dam is in this state) Nevada
88%
What Great Lake is the smallest in size? Erie
84%
Glen Canyon is a hydroelectric dam located on what river? Colorado
76%
What state is the above lake located in? Arizona
68%
Major islands of Hawaii Hawai'i
68%
The Arkansas River, a tributary of the Mississippi River, has its source in what major mountain range? Rocky Mountains
68%
Cape Hatteras is located off the coast of what state? North Carolina
64%
What bay is an estuary of the following rivers: Susquehanna, Potomac, York, James Chesapeake
60%
Major islands of Hawaii O'ahu
60%
Major islands of Hawaii Maui
56%
What country, second to Mexico contributes the highest number of U.S. immigrants every year? India
52%
What is the name of the barrier island chain that Cape Hatteras is a part of? Outer Banks
48%
Major islands of Hawaii Kaua'i
36%
Phoenix, the capital of Arizona, is located on the edge of what desert? Sonoran
36%
What meridian do the Aleutian Islands (an island chain belonging to Alaska) extend across?(Hint: this makes Alaska have both the westernmost and easternmost points in the U.S.) 180
28%
Major islands of Hawaii Moloka'i
24%
Major islands of Hawaii Lana'i
16%
Major islands of Hawaii Kaho'olawe
12%
Major islands of Hawaii Ni'ihau
12%
What lake was created by the above dam? Powell
12%
What is the term that describes Washington D.C. returning the donated land back to Virginia? Retrocession
4%
No matching quizzes found
Score Distribution
Percent of People with Each Score
Percentile by Number Answered
Your Score History
You have not taken this quiz